00790nam a2200169 a 450000100100000000500170001000800410002704000250006808200220009324500430011526000460015830000270020495201260023195201200035795201260047799900170060300002894920200930055233.0110412s2006 dr a r 000 0 spa d aDO-SdBNPbspacBNPHU axxxxbP832r, 200600aPor el rescate de los valores Patrios. aSanto Domingo :bImpresora Azteca,c2006. a45 p. :bil. ;c22 cm. 0010718DSaGRbGRcCTd2011-04-12iLF1l0oxxxx P832r, 2006p28949-30r2020-06-25te. 3w2020-06-25yLFDSZNo se presta 0010718PDaPDbPDcCTd2011-04-12iLF1l0oxxxx P832r, 2006p28949-10r2020-06-25w2020-06-25yLFPDZNo se presta 0010718PDaPDbPDcCTd2011-04-12iLF1l0oxxxx P832r, 2006p28949-20r2020-06-25te. 2w2020-06-25yLFPDZNo se presta c28441d28441